| 000 | 00456nam a2200157Ia 4500 | ||
|---|---|---|---|
| 008 | 151213s9999 xx 000 0 und d | ||
| 100 | _aPrathas C. Sarker & Sudipto Sarker | ||
| 245 |
_aSarker on Civil Procedure _cPrathas C. Sarker & Sudipto Sarker |
||
| 250 | _a5th | ||
| 260 |
_aIndia _bS. C. Sarker & Sons ( Pvt.) Ltd. _c1973 |
||
| 300 | _a2852 p. | ||
| 650 | _aLaw | ||
| 650 | _aLaw | ||
| 700 | _aPrathas C. Sarker & Sudipto Sarker | ||
| 999 |
_c1962 _d1962 |
||